Writings on international economics / (Record no. 123782)

MARC details
000 -LEADER
fixed length control field 00816nam a22002417a 4500
005 - DATE AND TIME OF LATEST TRANSACTION
control field 20170124105930.0
010 ## - LIBRARY OF CONGRESS CONTROL NUMBER
LC control number A-953297
020 ## - INTERNATIONAL STANDARD BOOK NUMBER
Terms of availability 00.00
International Standard Book Number 0195647556
035 ## - SYSTEM CONTROL NUMBER
System control number A-953297
037 ## - SOURCE OF ACQUISITION
Source of stock number/acquisition Cen Lib/Ret
040 ## - CATALOGING SOURCE
Original cataloging agency DPL
Language of cataloging EN
082 ## - DEWEY DECIMAL CLASSIFICATION NUMBER
Classification number 337
Item number BHA
100 ## - MAIN ENTRY--PERSONAL NAME
Personal name Bhagwati, Jagdish
9 (RLIN) 6696
245 ## - TITLE STATEMENT
Title Writings on international economics /
Statement of responsibility, etc by Jagdish Bhagwati; edited by V. N. Balasubramanyam
260 ## - PUBLICATION, DISTRIBUTION, ETC. (IMPRINT)
Place of publication, distribution, etc Delhi
Name of publisher, distributor, etc Oxford University Press
Date of publication, distribution, etc 1998
270 ## - ADDRESS
Address YMCA Library Building, Jai Singh Road
City New Delhi
Postal code 110001
300 ## - PHYSICAL DESCRIPTION
Extent vi,619p.
Dimensions 21cm(Hb)
500 ## - GENERAL NOTE
General note Includes bibliographical references and index
650 ## - SUBJECT ADDED ENTRY--TOPICAL TERM
Topical term or geographic name as entry element International economic relations
9 (RLIN) 6516
650 ## - SUBJECT ADDED ENTRY--TOPICAL TERM
Topical term or geographic name as entry element Commercial policy
9 (RLIN) 6517
700 ## - ADDED ENTRY--PERSONAL NAME
Personal name Balasubramanyam, V. N.
9 (RLIN) 8017
942 ## - ADDED ENTRY ELEMENTS (KOHA)
Source of classification or shelving scheme Dewey Decimal Classification
Koha item type English Books
Classification part 337
Call number suffix BHA
Holdings
Withdrawn status Lost status Damaged status Not for loan Home library Current library Date acquired Source of acquisition Cost, normal purchase price Total Checkouts Full call number Barcode Date last seen Copy number Cost, replacement price Price effective from Koha item type
        Central Library Central Library 12/06/2015 Cen Lib/Ret 0.00   337 BHA A-953297 12/06/2015 1 0.00 12/06/2015 English Books

© Delhi Public Library
Hit Counter
free hit counter